000 00823nam a2200217Ii 4500
003 JO-AjNU
008 230605s9999||||xx |||||||||||||| ||und||
040 _aJO-AjNU
_bara
_erda
_cJO-AjNU
041 _aara
050 1 4 _aPN2960.A67.A95 1993
100 3 _aد.م,
_eauthor
_916111
245 0 0 _aأزمة المسرح العربي
250 _aط1
264 3 1 _aبيروت: المؤسسة العربية للدراسات والنشر، 1993 ؛ عمان: دار الفارس، 1993
300 _a238ص
336 _atext
_btxt
_2rdacontent
337 _aunmediated
_bn
_2rdamedia
338 _avolume
_bnc
_2rdacarrier
490 0 _aكتاب قضايا عربية في الوحدة العربية وقضايا المجتمع العربي
650 4 _aالمسرح - المسرح العربي - تاريخ ونقد
_916112
999 _aA4702
_c8270
_d8270